Technologie obrábění : učebnice pro předmět Obrábění a výrobní pomůcky /

Hlavní autor: Dostál, František, 1909-
Další autoři: Horák, Vladimír, 1912-
Jazyk: Čeština
Vydáno: Brno : Vojenská akademie Antonína Zápotockého, 1960
Vydání: 1. vyd.
Edice: Učební texty vysokých škol
Fyzický popis: 2 sv.
Odebírané svazky: 1-2
Knihy
Uloženo v:
LEADER 01105nam a2200265 aa4500
001 000597098
003 CZ BrMZK
005 20140418125212.0
007 ta
008 020426s1960 xr f cze d
040 |a BOA001  |b cze  |c BOA001 
100 1 |a Dostál, František,  |d 1909-  |7 jk01022791  |4 aut 
245 1 0 |a Technologie obrábění :  |b učebnice pro předmět Obrábění a výrobní pomůcky /  |c František Dostál, Vl. Horák 
250 |a 1. vyd. 
260 |a Brno :  |b Vojenská akademie Antonína Zápotockého,  |c 1960 
300 |a 2 sv. 
490 1 |a Učební texty vysokých škol 
505 0 |a část 1, díl 1. 554 s. -- část 1, díl 2. s. 560-797 
700 1 |a Horák, Vladimír,  |d 1912-  |7 jk01042122  |4 aut 
810 2 |a Vojenská akademie Antonína Zápotockého.  |t Učební texty vysokých škol 
910 |a BOA001  |b 2-0601.552,1  |s 1-2 
920 |a 000597099 
990 |a BK 
996 7 |b 2619308330  |c 2-0601.552  |d Část 1, díl 1  |v 1/1  |l HP2  |r DEN  |n 2  |w 000597098  |u 000010  |a 1  |e BOA001  |j MZK50  |s A 
996 7 |b 2619308331  |c 2-0601.552  |d Část 1, díl 2  |v 1/2  |l HP2  |r DEN  |n 1  |w 000597098  |u 000020  |a 1  |e BOA001  |j MZK50  |s A